Grand atlas Bordas

محفوظ في:
التفاصيل البيبلوغرافية
المؤلف الرئيسي: Serryn, Pierre
التنسيق: كتاب
اللغة:Undetermined
منشور في: Paris Bordas 1971
الموضوعات:
الوسوم: إضافة وسم
لا توجد وسوم, كن أول من يضع وسما على هذه التسجيلة!
Thư viện lưu trữ: Trung tâm Học liệu Trường Đại học Cần Thơ
LEADER 00443nam a2200181Ia 4500
001 CTU_26971
008 210402s9999 xx 000 0 und d
082 |a 912 
082 |b S487 
100 |a Serryn, Pierre 
245 0 |a Grand atlas Bordas 
245 0 |c Pierre Serryn 
260 |a Paris 
260 |b Bordas 
260 |c 1971 
650 |a Atlases,World maps 
904 |i Minh 
980 |a Trung tâm Học liệu Trường Đại học Cần Thơ